000 00191 a2200097 4500
020 _a9780316211222
041 _aeng
100 _aJames Patterson
245 _aSecond Honeymoon
942 _cBK
999 _c30570
_d30568